000 00509cam a22002171 4500
001 sa 64005835
003 DLC
005 20260227112035.0
008 940517s1961 ii 000 1 beno
010 _asa 64005835
025 _aPL480:EP-B-231
035 _a(OCoLC)30451235
040 _aDLC
_cCU
_dCU
_dDLC
042 _apremarc
050 0 0 _aPK1718.A365
_bR3
100 1 _aAhmad, Reyazuddin.
245 1 0 _aRātera svapana.
260 _c[1961]
300 _a142 p.
_c19 cm.
500 _aIn Bengali.
999 _c59351
_d59351